000 00904nam a22002177a 4500
999 _c7635
_d7635
003 AR-CdUCM
008 190321b ||||| |||| 00| 0 spa d
040 _aMUNICIPALIDAD PROVINCIAL DEL CUSCO
_cBIBLIOTECA MUNICIPAL DEL CUSCO
082 _a614.81 /
_bV56
100 _aVesco, Nathalie
_921563
245 _aLos servicios de agua y saneamiento en la selva :
_bEl caso de ITDG en San Martín /
260 _aLima :
_bPrograma del agua y saneamiento PNUD-Banco Mundial,
_c1999.
300 _a39 páginas ;
_bimágenes, cuadros, mapa,
_c27 cm.
505 _aContenido: Aspectos sociodemográficos -- Centros poblados de colonos y mestizos -- Los proyectos de saneamiento en la selva.
650 _aLa educación sanitaria
_921564
650 _aInstituciones públicas
_921565
650 _aSan Martín - Perú
_921566
700 _aCastillo, Oscar (coautor)
_921567
942 _2ddc
_cLIBROS
945 _aachl